banner-ar

مقدمة فى اقتصاديات الموارد / (Record no. 42776)

MARC details
000 -الفاتح
حقل البيانات ثابتة الطول 00551nam a2200157Ia 4500
005 - وقت وتاريخ اخر تعامل مع التسجيلة
رقم الضبط 20240530103825.0
008 - عناصر البيانات ثابتة الطول - معلومات عامة
حقل البيانات ثابتة الطول 140319s9999 xx 000 0 ara d
040 ## - مصدر الفهرسة
وكالة الفهرسة الأصلية GCL /
وكالة النسخ GCL
082 04 - رقم تصنيف ديوى العشرى
رقم التصنيف 338.5\
رقم المادة ك م
100 0# - المدخل الرئيسى - إسم شخصى
رمز الرابط كامل بكرى
245 10 - بيان العنوان
العنوان مقدمة فى اقتصاديات الموارد /
بيان المسئوليه,etc كامل بكرى ، عبدالنعيم مبارك ، احمد مندور
260 ## - PUBLICATION, DISTRIBUTION, ETC. (IMPRINT)
تاريخ النشر أو التوزيع 1988
300 ## - الوصف المادى
التعداد 402 ص ؛
أبعاد الوعاء 24 سم
942 ## - عناصر المدخل الإضافي( كوها)
مصدر التصنيف او مخطط الترفيف Dewey Decimal Classification
Koha [default] item type كتاب
260 ## - PUBLICATION, DISTRIBUTION, ETC. (IMPRINT)
-- بيروت :
-- دار النهضة العربية للطباعة والنشر ،
Holdings
حالة التراجع حالة الفقد حالة تلف ليس للاعارة المكان المؤقت الموقع الحالى تاريخ الاكتساب اجمالي اﻻعارات رقم الطلب الباركود تاريخ اخر مشاهدة تاريخ تفعيل السعر نوع وعاء كوها
        مكتبة القاهرة الكبرى مكتبة القاهرة الكبرى 03/26/2014   333.308\ك م 103347 03/26/2014 03/26/2014 كتاب

Powered By

EGPV